[Event "Pohar mesta Ricany 2010 - cena Klidneho mesta"]
[Site "http://www.openricany.cz"]
[Date "2010.08.22"]
[Round "2.09"]
[White "Cervenka, Petr"]
[Black "Sedy, Pavel"]
[Result "0-1"]
[WhiteElo "1990"]
[BlackElo "2156"]

1. e4 c5 2. Nc3 Nc6 3. g3 Nf6 4. Bg2 d6 5. d3 Bg4 6. f3 Be6 7. Nh3 Qd7 8. Ng5
g6 9. O-O Bg7 10. Nxe6 Qxe6 11. f4 O-O-O 12. f5 Qd7 13. Be3 h5 14. Bh3 Kb8
15. a4 Bh6 16. Bxh6 Rxh6 17. Qd2 Rhh8 18. Nb5 Rdg8 19. b3 h4 20. Bg2 hxg3
21. hxg3 gxf5 22. exf5 Rxg3 23. Rf2 Ne5 24. d4 Ne4 25. Qf4 Rg4 26. Qe3 Nxf2
27. dxe5 Qxf5 28. Qxf2 Rh1+ 29. Kxh1 Qxf2 30. Rg1 Rh4+ 31. Bh3 Rxh3# 0-1

[Event "Pohar mesta Ricany 2010 - cena Klidneho mesta"]
[Site "http://www.openricany.cz"]
[Date "2010.08.22"]
[Round "2.21"]
[White "Vojta, Pavel"]
[Black "Cerny, Michal"]
[Result "1-0"]
[WhiteElo "2161"]
[BlackElo "1947"]

1. d4 d5 2. Nf3 Nf6 3. c4 c6 4. Nc3 g6 5. cxd5 cxd5 6. Qb3 Bg7 7. Ne5 Nbd7
8. Bf4 O-O 9. e3 e6 10. Be2 Nxe5 11. Bxe5 a6 12. O-O Ne4 13. Bxg7 Kxg7 14. Nxe4
dxe4 15. f3 Qd5 16. fxe4 Qxe4 17. Bf3 Qh4 18. Qc3 Qe7 19. Rac1 Rb8 20. Qa5 b6
21. Qe5+ 1-0

[Event "Pohar mesta Ricany 2010 - cena Klidneho mesta"]
[Site "http://www.openricany.cz"]
[Date "2010.08.22"]
[Round "2.23"]
[White "Eisner, Oldrich"]
[Black "Ruzicka, Vaclav jun."]
[Result "0-1"]
[WhiteElo "1824"]
[BlackElo "2057"]

1. d4 d5 2. Nf3 Nf6 3. c4 e6 4. g3 c6 5. Nbd2 Bd6 6. Bg2 Nbd7 7. O-O Qe7 8. Qc2
O-O 9. e4 dxe4 10. Nxe4 Nxe4 11. Qxe4 e5 12. dxe5 Nxe5 13. Nxe5 Qxe5 14. Qc2 Bf5
15. Qb3 Qe2 16. Be3 Rfe8 17. Rad1 c5 18. Qc3 Bg4 19. Rc1 {Dale necitelne} 0-1

[Event "Pohar mesta Ricany 2010 - cena Klidneho mesta"]
[Site "http://www.openricany.cz"]
[Date "2010.08.22"]
[Round "2.11"]
[White "Michal Schmalz"]
[Black "Pechacek, Stanislav"]
[Result "0-1"]
[WhiteElo "1985"]
[BlackElo "2131"]

1. e4 c5 2. Nf3 Nc6 3. d4 cxd4 4. Nxd4 Qb6 5. Nb3 Nf6 6. Nc3 e6 7. Bd3 a6
8. O-O Be7 9. a4 Qc7 10. a5 Bb4 11. Qe2 Bxc3 12. bxc3 Ne5 13. f4 Nxd3 14. cxd3
Qxc3 15. Be3 Qxb3 16. Rfb1 Qc3 17. Rc1 Qb4 18. Bc5 Qb5 19. g4 d6 20. Bxd6 Qd7
21. Be5 O-O 22. f5 Ne8 23. Bb2 f6 24. Ba3 Rf7 25. Qa2 Qd4+ 26. Kg2 Qxd3 27. Re1
Rc7 28. Re2 Qc4 29. Qd2 Rd7 30. Qe1 e5 31. Rc1 Qf7 32. Rec2 Rd8 33. Qb4 Bd7
34. Qxb7 Rdb8 0-1

[Event "Pohar mesta Ricany 2010 - cena Klidneho mesta"]
[Site "http://www.openricany.cz"]
[Date "2010.08.22"]
[Round "2.34"]
[White "Nepustil, Frantisek"]
[Black "Sargasjan, Karen"]
[Result "0-1"]
[WhiteElo "1952"]
[BlackElo "1918"]

1. e4 c5 2. Nf3 e6 3. d4 cxd4 4. Nxd4 a6 5. Nc3 b5 6. Be3 Bb7 7. Bd3 Qc7 8. O-O
Nc6 9. Nxc6 Qxc6 10. a3 Nf6 11. f3 Bd6 12. Qe1 Qc7 13. Qh4 h6 14. Kh1 Be5
15. Bd2 O-O-O 16. Qe1 Bxh2 17. Ne2 Bd6 18. a4 Qc5 19. Ng3 h5 20. Be3 Qc7 21. Bf2
h4 22. Ne2 Nh5 23. axb5 Ng3+ 24. Kg1 axb5 25. Bxb5 Nxf1 26. Qxf1 Bd5 27. Ra4
{Dale necitelne} 0-1

[Event "Pohar mesta Ricany 2010 - cena Klidneho mesta"]
[Site "http://www.openricany.cz"]
[Date "2010.08.22"]
[Round "2.20"]
[White "Rehorek, Martin"]
[Black "Havelka, Petr"]
[Result "1-0"]
[WhiteElo "2280"]
[BlackElo "1923"]

1. e4 d5 2. exd5 Qxd5 3. Nc3 Qa5 4. d4 Nf6 5. Bc4 Bg4 6. f3 Bf5 7. g4 Bg6 8. h4
h6 9. Qe2 c6 10. Bf4 Nd5 11. Bd2 Nxc3 12. Bxc3 Qc7 13. O-O-O Nd7 14. d5 Qf4+
15. Kb1 c5 16. d6 e5 17. Nh3 Qf6 18. f4 1-0

[Event "Pohar mesta Ricany 2010 - cena Klidneho mesta"]
[Site "http://www.openricany.cz"]
[Date "2010.08.22"]
[Round "2.24"]
[White "Starek, Stanislav"]
[Black "Hulin, Petr"]
[Result "0-1"]
[WhiteElo "1872"]
[BlackElo "2037"]

1. c4 Nf6 2. g3 c5 3. Bg2 Nc6 4. Nc3 e6 5. e4 Qc7 6. Nge2 a6 7. d3 h5 8. h4 b6
9. Bg5 Bb7 10. Bxf6 gxf6 11. Nf4 Qe5 12. Bf3 Nd4 13. Bxh5 b5 14. Nce2 f5
15. Nxd4 cxd4 16. f3 Bh6 17. Ne2 fxe4 18. Bxf7+ Kxf7 19. dxe4 Be3 20. cxb5 axb5
21. Qd3 b4 22. Rh3 Ba6 23. Qb3 Qb5 24. Rh2 d3 25. Rg2 Rac8 26. Rh2 d2+ 27. Kd1
Qxe2+ 0-1

[Event "Pohar mesta Ricany 2010 - cena Klidneho mesta"]
[Site "http://www.openricany.cz"]
[Date "2010.08.22"]
[Round "2.39"]
[White "Skalicky Tomas"]
[Black "Paukrt Jan"]
[Result "1/2-1/2"]
[WhiteElo "1809"]
[BlackElo "1928"]

1. e4 e5 2. Nc3 Nc6 3. Bc4 Nf6 4. d3 Na5 5. Bb3 Nxb3 6. axb3 c6 7. Nf3 d6 8. d4
Bg4 9. dxe5 Bxf3 10. Qxf3 dxe5 11. O-O g6 12. Rd1 Qe7 13. Be3 a6 14. Na4 Rd8
15. Rxd8+ Qxd8 16. Rd1 Qe7 17. Bc5 Qe6 18. Bxf8 Kxf8 19. Nc5 Qe7 20. Nxb7 Kg7
21. Na5 Qb4 22. Nc4 Rd8 23. c3 Rxd1+ 24. Qxd1 Qc5 25. Qd3 Qb5 26. Qc2 Qc5
27. Qd3 Qb5 28. Qc2 Qc5 29. h3 Nh5 30. Kh2 Nf4 31. g3 Ne6 32. Ne3 Qd6 33. Nc4
Qc5 34. Ne3 Qd6 35. b4 f6 36. Kg2 Qd7 37. h4 1/2-1/2

[Event "Pohar mesta Ricany 2010 - cena Klidneho mesta"]
[Site "http://www.openricany.cz"]
[Date "2010.08.22"]
[Round "2.25"]
[White "Koper, Stefan"]
[Black "Framberk, Jan"]
[Result "1-0"]
[WhiteElo "2020"]
[BlackElo "2004"]

1. d4 Nf6 2. c4 c5 3. d5 e6 4. Nc3 exd5 5. cxd5 d6 6. Nf3 g6 7. Bf4 Bg7 8. e3
O-O 9. h3 Na6 10. Be2 Nc7 11. O-O a6 12. a4 b6 13. e4 Re8 14. Nd2 Qe7 15. Re1
Rb8 16. Nc4 Rd8 17. Bf3 Nfe8 18. Qd2 f6 19. Rab1 b5 20. axb5 Nxb5 21. Na5 Bd7
22. Bg4 Nd4 23. Bxd7 Qxd7 24. Qd3 Qc7 25. Ra1 Rxb2 26. Nc4 Rbb8 27. Rxa6 Ra8
28. Rea1 Rxa6 29. Rxa6 Bf8 30. Ne2 Qb7 31. Rb6 Qa7 32. Nxd4 Qa1+ 33. Rb1 Qxd4
34. Qxd4 cxd4 35. Rd1 Be7 36. Na5 f5 37. exf5 gxf5 38. Nc6 Rd7 39. Nxd4 {dale
necitelne} 1-0

[Event "Pohar mesta Ricany 2010 - cena Klidneho mesta"]
[Site "http://www.openricany.cz"]
[Date "2010.08.22"]
[Round "2.10"]
[White "Postupa, Pavel sen."]
[Black "Prochazka, Petr"]
[Result "1/2-1/2"]
[WhiteElo "2072"]
[BlackElo "1987"]

1. e4 d5 2. exd5 Nf6 3. c4 e6 4. Nf3 exd5 5. d4 Bb4+ 6. Nc3 O-O 7. Be2 Ne4
8. Qb3 Bxc3+ 9. bxc3 dxc4 10. Bxc4 Nd6 11. O-O Nxc4 12. Qxc4 Be6 13. Qd3 Qf6
14. c4 Bf5 15. Qb3 Nc6 16. Bb2 Na5 17. Qc3 b6 18. Ne5 Rfe8 19. f4 h5 20. Qf3 Bg4
21. Qf2 Nxc4 22. Nxc4 Re2 23. Qg3 b5 24. Rae1 bxc4 25. Rxe2 Bxe2 26. Re1 Bd3
27. Bc3 Rb8 28. Qe3 Rb1 29. Rxb1 Bxb1 30. d5 Qb6 31. Bd4 Qg6 32. a3 1/2-1/2

[Event "Pohar mesta Ricany 2010 - cena Klidneho mesta"]
[Site "http://www.openricany.cz"]
[Date "2010.08.22"]
[Round "2.27"]
[White "Vorisek, Martin"]
[Black "Krejci, Martin"]
[Result "1/2-1/2"]
[WhiteElo "1899"]
[BlackElo "1804"]

1. d4 Nf6 2. c4 g6 3. Nc3 d5 4. Nf3 Bg7 5. Bf4 O-O 6. e3 c5 7. dxc5 Qa5 8. Rc1
dxc4 9. Bxc4 Ne4 10. Be5 Bxe5 11. Nxe5 Nxc5 12. O-O e6 13. Qd6 Nbd7 14. Rfd1 Ne4
15. Nxe4 Qxe5 16. Qxe5 Nxe5 17. Bb5 a6 18. Be2 Nc6 19. Nc5 Rb8 20. Nxa6 bxa6
21. Rxc6 Rxb2 22. Bxa6 Bxa6 23. Rxa6 Rc8 24. a4 1/2-1/2

[Event "Pohar mesta Ricany 2010 - cena Klidneho mesta"]
[Site "http://www.openricany.cz"]
[Date "2010.08.22"]
[Round "2.40"]
[White "Sochorova, Jana"]
[Black "Luzikova, Nicola"]
[Result "1-0"]
[WhiteElo "1919"]
[BlackElo "1740"]

1. Nf3 d5 2. b3 Nf6 3. Bb2 e6 4. e3 c5 5. Ne5 Nbd7 6. Bb5 a6 7. Bxd7+ Bxd7
8. O-O Be7 9. f4 O-O 10. d3 Rc8 11. Nd2 Ne8 12. g4 f6 13. Nxd7 Qxd7 14. h4 Nd6
15. Qe2 e5 16. f5 d4 17. e4 b5 18. Rf2 Qc6 19. Nf3 c4 20. g5 Nf7 21. g6 hxg6
22. fxg6 Nh6 23. Nh2 f5 24. exf5 Rxf5 25. Rxf5 Nxf5 26. Qh5 Nh6 27. Bc1 Bf8
28. Ng4 Qe6 29. Bxh6 gxh6 30. Rf1 Bg7 31. Rf2 cxd3 32. Nxh6+ Bxh6 33. Qxh6 Qd7
34. g7 Qxg7+ 35. Rg2 Qxg2+ 36. Kxg2 Rxc2+ 37. Kf3 e4+ 38. Kxe4 d2 39. Qh5 Rxa2
40. Kxd4 a5 41. Kd3 Ra3 42. Kxd2 b4 43. Qg6+ Kf8 44. h5 Rxb3 45. Qf6+ 1-0

[Event "Pohar mesta Ricany 2010 - cena Klidneho mesta"]
[Site "http://www.openricany.cz"]
[Date "2010.08.22"]
[Round "2.18"]
[White "Janicek, Jindrich"]
[Black "Adamik, Frantisek"]
[Result "1-0"]
[WhiteElo "2063"]
[BlackElo "1898"]

1. Nf3 c5 2. c4 d5 3. cxd5 Qxd5 4. Nc3 Qd6 5. g3 a6 6. Bg2 Nc6 7. Ne4 Qd5 8. d3
f5 9. Nc3 Qd6 10. O-O e5 11. a3 Nf6 12. Rb1 Be7 13. b4 O-O 14. bxc5 Qxc5 15. Na4
Qa7 16. Be3 Nd5 17. Nxe5 Rb8 {dale necitelne} 1-0

[Event "Pohar mesta Ricany 2010 - cena Klidneho mesta"]
[Site "http://www.openricany.cz"]
[Date "2010.08.22"]
[Round "2.41"]
[White "Sedivy, Ondrej"]
[Black "Halla, Jiri"]
[Result "1/2-1/2"]
[WhiteElo "1717"]
[BlackElo "1912"]

1. c4 Nf6 2. Nc3 g6 3. Nf3 Bg7 4. d4 O-O 5. e4 d6 6. Be2 e5 7. dxe5 dxe5
8. Qxd8 Rxd8 9. Bg5 h6 10. Bxf6 Bxf6 11. Nd5 Rxd5 12. cxd5 c5 13. Rc1 Nd7
14. O-O Be7 15. Rfd1 Bd6 16. Nd2 Kf8 17. Bg4 f5 18. exf5 Nf6 19. Nc4 Ke7 20. Ne3
Nxg4 21. Nxg4 gxf5 22. Ne3 Bd7 23. Nc4 b5 24. Nxd6 Kxd6 25. g3 Rf8 26. Kf1 a5
27. Rd2 Rc8 28. a3 a4 1/2-1/2

[Event "Pohar mesta Ricany 2010 - cena Klidneho mesta"]
[Site "http://www.openricany.cz"]
[Date "2010.08.22"]
[Round "2.8"]
[White "Vanka, Miroslav"]
[Black "Vesecky, Martin"]
[Result "0-1"]
[WhiteElo "2189"]
[BlackElo "2026"]

1. e4 c5 2. Nc3 Nc6 3. f4 g6 4. Nf3 Bg7 5. Bb5 Nd4 6. O-O a6 7. Bd3 d6 8. Nxd4
cxd4 9. Ne2 e6 10. b3 Ne7 11. Bb2 O-O 12. Qe1 Nc6 13. Qf2 e5 14. f5 Qf6 15. c3
dxc3 16. Nxc3 Ne7 17. Bc4 gxf5 18. exf5 Qxf5 19. Qg3 Qg6 20. Qxg6 hxg6 21. Ba3
Be6 22. Bxe6 fxe6 23. Rxf8+ Bxf8 24. Bxd6 Rd8 25. Bxe7 Bxe7 26. Ne4 Rd4 27. Re1
Bb4 28. Re2 Kf7 29. Kf2 Ke7 30. Ke1 Kd7 31. Kd1 Kc6 32. Kc2 Kd5 33. d3 Kc6
34. Rf2 Be7 35. Rf7 Rd7 36. Rg7 Rc7 37. Rxg6 Ba3 38. h4 Kd5+ 39. Kd2 Kd4 40. Rg3
Bc1+ 41. Ke2 Bf4 42. Rh3 Rc2+ 43. Kf3 Kxd3 44. h5 Bh6 45. g4 Rc8 46. Nf2+ Kd4
47. Kg2 e4 48. Kf1 e3 49. Nd1 Rc2 50. Ke1 Rg2 51. Rf3 Kd3 0-1

[Event "Pohar mesta Ricany 2010 - cena Klidneho mesta"]
[Site "http://www.openricany.cz"]
[Date "2010.08.22"]
[Round "2.7"]
[White "MIsicko, Jan"]
[Black "Kohout, Vratislav"]
[Result "1-0"]
[WhiteElo "2026"]
[BlackElo "2199"]

1. c4 c6 2. g3 d5 3. Bg2 Nf6 4. Nf3 Bf5 5. O-O h6 6. b3 e6 7. Bb2 Nbd7 8. d3
Bc5 9. Nbd2 O-O 10. Qc2 Qe7 11. Rfe1 a5 12. a3 Bh7 13. Qc3 e5 14. d4 exd4
15. Nxd4 Rfe8 16. h3 Ne5 17. N4f3 Nxf3+ 18. Bxf3 d4 19. Qc1 Rad8 20. Kg2 Qd6
21. Rd1 Qe7 22. Nf1 Ne4 23. b4 axb4 24. axb4 Bxb4 25. Bxd4 Ng5 26. Qb2 Nxf3
27. exf3 f6 28. Ne3 Ra8 29. Ng4 Kf7 30. Rxa8 Rxa8 31. c5 Ba5 32. Ra1 Ra6 33. Ra3
h5 34. Re3 Qd7 35. Bxf6 gxf6 36. Qxf6+ Kg8 37. Nh6# 1-0

[Event "Pohar mesta Ricany 2010 - cena Klidneho mesta"]
[Site "http://www.openricany.cz"]
[Date "2010.08.22"]
[Round "2.37"]
[White "Feierfeil, Jiri"]
[Black "Pech, Hynek"]
[Result "1/2-1/2"]
[WhiteElo "1932"]
[BlackElo "1800"]

1. d4 d5 2. Bf4 c6 3. e3 Nf6 4. Nd2 g6 5. Be2 Bg7 6. Ngf3 Nbd7 7. Ne5 O-O 8. g4
c5 9. c3 Qb6 10. g5 Ne4 11. Nxe4 dxe4 12. Qc2 cxd4 13. exd4 Nxe5 14. dxe5 Bf5
15. Qb3 Qc5 16. Be3 Qxe5 17. O-O-O Be6 18. Bc4 Bxc4 19. Qxc4 Rfc8 20. Qb3 e6
21. Qc2 a5 22. Kb1 b5 23. h4 b4 24. Bd4 Qb5 25. Bxg7 Kxg7 26. Qb3 Qf5 27. Qc2
bxc3 28. bxc3 a4 29. Rhe1 a3 30. Ka1 Qc5 31. Rc1 Rab8 32. Qxe4 Qxf2 33. Re2 Qg3
34. Qd4+ Kg8 35. Rec2 Rb7 36. c4 Rbc7 37. Rc3 Qg2 38. Rxa3 Rxc4 39. Rxc4 Qf1+
40. Kb2 Qxc4 1/2-1/2

[Event "Pohar mesta Ricany 2010 - cena Klidneho mesta"]
[Site "http://www.openricany.cz"]
[Date "2010.08.22"]
[Round "2.28"]
[White "Jirousek, Filip"]
[Black "Boucek, Vlastimil"]
[Result "0-1"]
[WhiteElo "1787"]
[BlackElo "2038"]

1. e4 Nf6 2. Nc3 e6 3. e5 Ng8 4. d4 d5 5. Nf3 c5 6. Ne2 cxd4 7. Nexd4 a6 8. Bd3
h6 9. O-O Ne7 10. c3 Nec6 11. Re1 Qc7 12. Bf4 b5 13. h3 Nd7 14. Nxc6 Qxc6
15. Nd4 Qb6 16. Qh5 Nc5 17. Bc2 Bb7 18. Be3 Bc8 19. Nb3 Qc7 20. Nxc5 Bxc5
21. Bxc5 Qxc5 22. Re3 Qe7 23. Rd1 g6 24. Qg4 Bb7 25. Rd4 O-O-O 26. Qe2 Kb8
27. Rf3 Qc7 28. Rf6 Rhe8 29. Qe3 Re7 30. Qxh6 Qxe5 31. Rdf4 Qe1+ 32. Kh2 Qd2
33. Bb3 e5 34. Rh4 Qxb2 35. Qg5 Rdd7 36. Rh8+ Ka7 37. Rh7 Qxc3 38. Rxg6 Qc7
39. Rgg7 a5 40. h4 a4 41. Bd1 Bc6 42. h5 f6 43. Rxe7 fxg5 44. Rxd7 Bxd7 45. Bg4
e4+ 46. g3 Qc2 47. Bxd7 Qxf2+ 48. Kh3 Kb6 49. Be6 0-1

[Event "Pohar mesta Ricany 2010 - cena Klidneho mesta"]
[Site "http://www.openricany.cz"]
[Date "2010.08.22"]
[Round "2.1"]
[White "Voracek, Zdenek"]
[Black "Kulhanek, Tomas"]
[Result "0-1"]
[WhiteElo "2056"]
[BlackElo "2411"]

1. d4 Nf6 2. c4 e6 3. Nf3 Bb4+ 4. Bd2 c5 5. Bxb4 cxb4 6. Nbd2 O-O 7. e3 d6
8. Bd3 Nbd7 9. a3 bxa3 10. Rxa3 e5 11. O-O Re8 12. Qc2 Nf8 13. Ne4 g6 14. Rd1
Nxe4 15. Bxe4 Qe7 16. dxe5 dxe5 17. Ra5 f6 18. c5 Kh8 19. c6 Qc7 20. cxb7 Qxc2
21. Bxc2 Bxb7 22. Rda1 a6 23. Kf1 Rac8 24. Ne1 Ne6 25. Ke2 Red8 26. f3 Rd6
27. Bd3 Nc5 28. Bc4 Rb6 29. R1a2 Rb4 30. Bf7 Kg7 31. Rxc5 Rxc5 32. Nd3 Rc2+
33. Kd1 Rxg2 34. Nxb4 Kxf7 35. e4 Rxh2 36. Nxa6 Bxa6 37. Rxa6 Rxb2 38. Ra7+ Kg8
39. Ra6 Kg7 40. Ra7+ Kh6 41. Rf7 Rb6 42. Ke2 g5 43. Kf2 Kg6 44. Rf8 Rb3 45. Kg2
h5 46. Kf2 g4 47. fxg4 hxg4 48. Rg8+ Kh5 49. Rg7 Rf3+ 50. Ke2 Rf4 51. Ke3 Kh4
52. Rh7+ Kg3 53. Ra7 Rf3+ 54. Ke2 Kf4 0-1

[Event "Pohar mesta Ricany 2010 - cena Klidneho mesta"]
[Site "http://www.openricany.cz"]
[Date "2010.08.22"]
[Round "2.6"]
[White "Petras, Milan"]
[Black "Mejzlik, Ondrej"]
[Result "0-1"]
[WhiteElo "2018"]
[BlackElo "2225"]

1. e4 c6 2. d4 d5 3. exd5 cxd5 4. Bd3 Nc6 5. c3 Nf6 6. Bg5 Bg4 7. Ne2 e6 8. h3
Bh5 9. Qb3 Qd7 10. Nf4 Bg6 11. Nxg6 hxg6 12. Nd2 Bd6 13. O-O O-O 14. f4 a6
15. a4 Na5 16. Qd1 b5 17. Bxf6 gxf6 18. b4 Nc4 19. Nxc4 bxc4 20. Bc2 Kg7 21. h4
Rh8 22. g3 Qc7 23. Qf3 f5 24. Kg2 Be7 25. Qe3 Bf6 26. Rh1 Qb6 27. a5 Qa7 28. Ba4
Rab8 29. Ra2 Qe7 30. Raa1 Rh6 31. Rh2 Qa7 32. Rd1 Rbh8 33. Rdh1 Qe7 34. Rh3 Kf8
35. Bc6 Qc7 36. Ba4 Be7 37. Qf3 Qd6 38. Qe3 f6 39. Re1 Kf7 40. Rhh1 R6h7 41. Bc2
Rg7 42. Re2 g5 43. fxg5 fxg5 44. hxg5 Rxh1 45. Kxh1 Rxg5 46. Rg2 Rg4 47. Qh6
Rxg3 48. Qh5+ Kg7 49. Qh2 Rxg2 50. Qxd6 Bxd6 51. Kxg2 Kf6 52. Kf3 e5 53. dxe5+
Bxe5 54. Ba4 Bxc3 55. Bc6 Ke5 56. b5 axb5 57. a6 Bd4 58. Bxb5 Ba7 59. Bd7 d4
60. Bb5 Kd5 61. Bd7 d3 62. Bxf5 Kd4 63. Bg6 c3 0-1

[Event "Pohar mesta Ricany 2010 - cena Klidneho mesta"]
[Site "http://www.openricany.cz"]
[Date "2010.08.22"]
[Round "2.5"]
[White "Vybiral, Zdenek"]
[Black "Vavrinec, Tomas"]
[Result "1-0"]
[WhiteElo "2232"]
[BlackElo "2030"]

1. d4 e6 2. c4 c5 3. e3 Nf6 4. Nc3 d5 5. Nf3 Nc6 6. a3 Be7 7. Bd3 O-O 8. O-O b6
9. b3 Bb7 10. Bb2 Rc8 11. cxd5 exd5 12. Ne2 Re8 13. Ng3 cxd4 14. Nxd4 Nxd4
15. Bxd4 Ne4 16. Bxe4 dxe4 17. Qg4 Bf6 18. Rad1 Bxd4 19. Rxd4 Qf6 20. Nxe4 Bxe4
21. Rxe4 Red8 22. Rc4 Rxc4 23. Qxc4 g6 24. b4 Qe5 25. Qc2 Qd5 26. g3 Qd3 27. Qb2
Qd2 28. Qe5 Rc8 29. e4 Rc1 30. Qb8+ Kg7 31. Qxa7 Rxf1+ 32. Kxf1 Qd3+ 33. Kg1
Qxe4 34. Qxb6 Qe1+ 35. Kg2 Qe4+ 36. f3 Qc2+ 37. Qf2 Qc3 38. Qa2 h5 39. h4 f6
40. b5 g5 41. b6 g4 42. fxg4 hxg4 43. Kh2 Qf3 44. Qb2 Qf1 45. Qg2 Qa6 46. b7 1-0

[Event "Pohar mesta Ricany 2010 - cena Klidneho mesta"]
[Site "http://www.openricany.cz"]
[Date "2010.08.22"]
[Round "2.38"]
[White "Pospisil,Martin"]
[Black "Losan,Rudolf"]
[Result "1-0"]
[WhiteElo "1931"]
[BlackElo "1780"]

1. d4 Nf6 2. Nf3 e6 3. b3 c5 4. e3 cxd4 5. exd4 d5 6. Bd3 Be7 7. O-O O-O 8. Bb2
b6 9. Ne5 Ba6 10. Bxa6 Nxa6 11. Nc6 Qc7 12. Nxe7+ Qxe7 13. Ba3 Nb4 14. c3 a5
15. cxb4 axb4 16. Bb2 Rfc8 17. Nd2 Qd6 18. Nf3 Ne4 19. Qd3 f6 20. Nd2 Nc3
21. Rfc1 Qd7 22. Bxc3 bxc3 23. Rxc3 Rxc3 24. Qxc3 Rc8 25. Qb2 Qc6 26. g3 Qc2
27. Qxc2 Rxc2 28. Nf1 1-0

[Event "Pohar mesta Ricany 2010 - cena Klidneho mesta"]
[Site "http://www.openricany.cz"]
[Date "2010.08.22"]
[Round "2.45"]
[White "Soltys,Roman"]
[Black "Skokan,Frantisek"]
[Result "1/2-1/2"]
[WhiteElo "1659"]
[BlackElo "1903"]

1. d4 Nf6 2. Nf3 e6 3. e3 b6 4. Bd3 Bb7 5. Nbd2 d5 6. O-O Nbd7 7. c3 c5 8. Re1
Be7 9. Qe2 O-O 10. e4 cxd4 11. e5 dxc3 12. bxc3 Ne8 13. Nd4 Nc5 14. Bc2 g6
15. N2f3 Ng7 16. Qe3 1/2-1/2

[Event "Pohar mesta Ricany 2010 - cena Klidneho mesta"]
[Site "http://www.openricany.cz"]
[Date "2010.08.22"]
[Round "2.35"]
[White "Kaiser, Rudolf"]
[Black "Martinec, Jan"]
[Result "1-0"]
[WhiteElo "1941"]
[BlackElo "1832"]

1. e4 c5 2. d4 cxd4 3. c3 Nf6 4. e5 Nd5 5. Nf3 g6 6. Bc4 Nb6 7. Bb3 Bg7 8. cxd4
Nc6 9. O-O O-O 10. Nc3 d5 11. exd6 Qxd6 12. d5 Na5 13. Be3 Nxb3 14. Qxb3 Bxc3
15. bxc3 Qxd5 16. Bxb6 1-0

[Event "Pohar mesta Ricany 2010 - cena Klidneho mesta"]
[Site "http://www.openricany.cz"]
[Date "2010.08.22"]
[Round "2.33"]
[White "Berg, Antonin"]
[Black "Macek, Kamil"]
[Result "0-1"]
[WhiteElo "1842"]
[BlackElo "1953"]

1. e4 e6 2. d4 d5 3. e5 c5 4. c3 Nc6 5. Nf3 Qc7 6. Bd3 f6 7. Qe2 Bd7 8. O-O Be7
9. Bf4 f5 10. dxc5 Bxc5 11. b4 Bb6 12. a3 Nge7 13. Re1 O-O 14. a4 Ng6 15. Bd2 a6
16. Na3 Nce7 17. Nc2 Rac8 18. a5 Ba7 19. Ncd4 Nc6 20. Nb3 Qd8 21. c4 dxc4
22. Bxc4 Ncxe5 23. Nxe5 Nxe5 24. Bxa6 Ng4 25. Bxb7 Qc7 0-1

[Event "Pohar mesta Ricany 2010 - cena Klidneho mesta"]
[Site "http://www.openricany.cz"]
[Date "2010.08.22"]
[Round "2.3"]
[White "Mrna, Vladimir"]
[Black "Sodoma, Jan"]
[Result "1/2-1/2"]
[WhiteElo "2043"]
[BlackElo "2364"]

1. Nf3 Nf6 2. g3 g6 3. Bg2 Bg7 4. O-O O-O 5. d4 d6 6. b3 c5 7. Bb2 cxd4 8. Nxd4
d5 9. c4 dxc4 10. bxc4 Nbd7 11. Nd2 Nc5 12. N2b3 Nfd7 13. Qc2 a6 14. Rad1 Qc7
15. Ba3 Rb8 16. Nxc5 Nxc5 17. Nb3 Nxb3 18. axb3 Bf5 19. Be4 Bh3 20. Bg2 Bxg2
21. Kxg2 b5 22. Qe4 bxc4 23. bxc4 Bf6 24. Rd3 Rfc8 25. Rfd1 Kg7 26. Rd7 Qxc4
27. Qxc4 Rxc4 28. Bxe7 1/2-1/2

[Event "Pohar mesta Ricany 2010 - cena Klidneho mesta"]
[Site "http://www.openricany.cz"]
[Date "2010.08.22"]
[Round "2.30"]
[White "Skacel, Jan"]
[Black "Hrdina, Robin"]
[Result "1/2-1/2"]
[WhiteElo "2073"]
[BlackElo "1878"]

1. d4 Nf6 2. c4 c5 3. Nf3 e6 4. dxc5 Bxc5 5. e3 Nc6 6. a3 d5 7. b4 Bd6 8. Bb2
a6 9. Nbd2 O-O 10. Be2 Bc7 11. Qc2 Qe7 12. O-O Bb6 13. Rfd1 Rd8 14. Nb3 Ne4
15. Nbd4 Bxd4 16. Nxd4 Qh4 17. g3 Qg5 18. Bf3 Nxd4 19. Rxd4 Bd7 20. h4 Qf5
21. Bxe4 dxe4 22. Rad1 e5 23. Rd5 f6 24. Qd2 Be6 25. Rxd8+ Rxd8 26. Qxd8+ Kf7
27. Rd6 Qf3 28. Rxe6 Kxe6 29. Qd5+ Kf5 30. Qd7+ Kg6 31. Bxe5 fxe5 32. Qe6+ Qf6
33. Qg4+ Kh6 34. Qxe4 Qe7 35. Qd5 e4 36. c5 g6 37. Qg5+ Qxg5 38. hxg5+ Kxg5
39. Kg2 Kf5 40. f3 h5 41. a4 Ke5 42. b5 axb5 43. axb5 Kd5 44. c6 bxc6 45. bxc6
Kxc6 46. fxe4 1/2-1/2

[Event "Pohar mesta Ricany 2010 - cena Klidneho mesta"]
[Site "http://www.openricany.cz"]
[Date "2010.08.22"]
[Round "2.26"]
[White "Hatas, Radim"]
[Black "Zvara, David"]
[Result "0-1"]
[WhiteElo "1742"]
[BlackElo "2010"]

1. e4 e5 2. Nc3 Nc6 3. Bc4 Nf6 4. d3 Bc5 5. f4 d6 6. Na4 Bxg1 7. Rxg1 Bg4
8. Qd2 d5 9. fxe5 Nxe5 10. exd5 Nxd5 11. Qg5 f6 12. Qxg7 Rf8 13. Bb3 Qd6
14. Bxd5 Qxd5 15. Qxh7 O-O-O 16. Nc3 Qd4 17. Kf1 f5 18. Qh6 f4 19. Ne2 Bxe2+
20. Kxe2 Qxg1 0-1

[Event "Pohar mesta Ricany 2010 - cena Klidneho mesta"]
[Site "http://www.openricany.cz"]
[Date "2010.08.22"]
[Round "2.31"]
[White "Urban, Miroslav"]
[Black "Postupa, Martin"]
[Result "0-1"]
[WhiteElo "1885"]
[BlackElo "2143"]

1. e4 e5 2. Nf3 Nc6 3. Bb5 d6 4. O-O Nf6 5. Re1 Be7 6. c3 Bd7 7. d4 O-O 8. d5
Nb8 9. Bd3 h6 10. h3 Nh7 11. Nbd2 f5 12. exf5 Bxf5 13. Ne4 Qc8 14. Ng3 Bxd3
15. Qxd3 Nd7 16. Nf5 Qd8 17. b4 Bg5 18. Nxg5 hxg5 19. Ng3 Ndf6 20. c4 g4 21. h4
Qe8 22. Bd2 Qf7 23. Re2 Nh5 24. Nxh5 Qxh5 25. g3 Rf3 26. Re3 Raf8 27. Rae1 Rxf2
28. Bc3 Qf5 29. c5 Rh2 30. R3e2 0-1